00499 2200193 4500245006600000020001800066250001100084100002100095700001800116700002300134650001700157005001900174260003100193041001400224084001300238300003400251336000900285338001100294 aShanaou Yoshitsune Genpei War Vol. 10cSawada, HirofumihText a9786022109037 aCet. 1 aSawada, Hirofumi aSri Nurhayati aFebrian Anantasyah aKomik Jepang a20230206104745 aJakartabPT Gramediac2013 aIndonesia a741.5592 a... jil. :bilus. ;c17,5 cm. atext avolume